El rector mártir (Registro nro. 306579)

Detalles MARC
000 -ENCABEZADO
Número de control [NR] 01390cam a2200289 i 4500
003 - IDENTIFICADOR DE CONTROL NÚMERO
control field Co-BoUCM
005 - FECHA Y HORA DE LA ÚLTIMA TRANSACCIÓN
control field 20170531134800.0
008 - DE LONGITUD FIJA DE DATOS DE ELEMENTOS - INFORMACIÓN GENERAL
Elementos de longitud fija [NR] 170511s2015 mx r 100 0 spa d
015 ## - NUMERO DE BIBLIOGRAFIA NACIONAL [R]
Número de bibliografía nacional [R] NNN
020 ## - NUMERO INTERNACIONAL NORMALIZADO PARA LIBROS [R]
Número Internacional Normalizado del libro [NR] 9786077901648
040 ## - FUENTE DE CATALOGACION [NR]
Agencia de catalogación original [NR] Co-BoUCM
Idioma de catalogación [NR] spa
Quien Cataloga Saul Niño
Quien Clasifica Saul Niño
Idioma de catalogación [NR] spa
041 0# - CODIGO DE IDIOMA [R]
Código de idioma para texto/pista de sonido o título separado [R] Español
100 1# - ASIENTO PRINCIPAL--NOMBRE PERSONAL [NR]
Nombre personal [NR] Fernández Font, Fernando
Títulos u otras palabras asociadas al nombre [R] S.J.
ID Autoridad 85760
245 13 - MENCION DE TITULO [NR]
Título [NR] El rector mártir
Parte restante del título [NR] los legados de Ignacio Ellacuría para encargarse de la realidad
Mención de responsabilidad, etc. [NR] coordinadores Juan Luis Hernández Avendaño y Galilea Cariño Cepeda ; Fernando Fernández Font, S.J. [y otros cinco]
250 ## - MENCION DE EDICION [NR]
Mención de edición [NR] Primera edición.
260 ## - PUBLICACION, DISTRIBUCION, ETC. (PIE DE IMPRENTA) [R]
Lugar de publicación, distribución, etc. [R] México
Nombre del editor, distribuidor, etc. [R] Universidad Iberoamericana Puebla
Fecha de publicación, distribución, etc. [R] 2015
300 ## - DESCRIPCION FISICA [R]
Extensión [R] 136 páginas
500 ## - NOTA GENERAL [R]
Nota general [NR] "X aniversario de la Cátedra Latinoamericana Ignacio Ellacuría de Análisis de la Realidad."
600 24 - ASIENTO SECUNDARIO DE MATERIA - NOMBRE PERSONAL [R]
Nombre personal [NR] Ellacuría Beascoechea, Ignacio
Títulos y otras palabras asociadas con el nombre [R] S.J.
Fechas asociadas con el nombre [NR] 1930-1989
Subdivisión general [R] Critica e interpretación
9 (RLIN) 85761
610 14 - ASIENTO SECUNDARIO DE MATERIA - NOMBRE CORPORATIVO [R]
Nombre corporativo o nombre de la jurisdicción como elemento de entrada [NR] Jesuitas
Subdivisión general [R] Actividad política
Subdivisión geográfica [R] América Central
Subdivisión general [R] Historia
Subdivisión cronológica [R] Siglo XXI
Subdivisión de forma [R] Congresos
9 (RLIN) 85762
610 14 - ASIENTO SECUNDARIO DE MATERIA - NOMBRE CORPORATIVO [R]
Nombre corporativo o nombre de la jurisdicción como elemento de entrada [NR] Jesuitas
Subdivisión geográfica [R] América Central
Subdivisión general [R] Influencia
Subdivisión de forma [R] Congresos
9 (RLIN) 85763
650 #7 - ASIENTO SECUNDARIO DE MATERIA - TERMINO TEMATICO [R]
Término temático o nombre geográfico como elemento de entrada [NR] Derechos humanos
Subdivisión geográfica [R] América Latina
Subdivisión general [R] Historia
Subdivisión cronológica [R] Siglo XXI
Subdivisión de forma [R] Congresos
9 (RLIN) 7499
700 1# - ASIENTO SECUNDARIO - NOMBRE PERSONAL [R]
Nombre personal [NR] Hernández Avendaño, Juan Luis
Término de relación [R] editor
9 (RLIN) 85764
700 1# - ASIENTO SECUNDARIO - NOMBRE PERSONAL [R]
Nombre personal [NR] Cariño Cepeda, Galilea
Término de relación [R] coordinador
9 (RLIN) 85765
942 ## - ELEMENTOS DE ENTRADA AGREGADOS (KOHA)
Sistema de clasificación DEWEY
Tema principal Religión
Tipo de ítem principal el descrito en 300a Libro
Edición 1
Clasificación 255.53
Parte restante de la signatura top. F365r
Existencias
Total préstamos Signatura topográfica Código de barras Última vez visto Ejemplar Costo de reposición Price effective from Tipo de ítem Perdido Sistema de clasificación Dañado No prestable Tipo de ítem específico Suprimido Ubicación habitual Ubicación actual Localización Fecha de creación Proveedor Forma de adquisición Costo
  255.53 F365r 100153222 05/12/2025 Ej.1 26000.00 02/05/2017 Libro   DEWEY     Libro   Claustro Claustro 2do piso 02/05/2017 12 Donación 0.00